LEADER 00903nnm a2200229 i 4500
001 eta329
005 20180730135351.0
008 180516s2011 hu o 0|| hun d
020 |a 978-963-279-507-2 
040 |a SZTE Elektronikus Tananyag Archívum  |b hun 
041 |a hun 
100 1 |a Holló Csaba 
245 1 0 |a Üzleti webtechnológiák   |h [elektronikus dokumentum] :  |b egyetemi tananyag /  |c  Holló Csaba 
260 |a Typotex  |b Budapest  |c 2011 
300 |a 118 
516 |a Book 
650 4 |a Természettudományok 
650 4 |a Számítás- és információtudomány 
650 4 |a Számítástudomány, információtudomány és bioinformatika 
650 4 |a Web és információs rendszerek, adatbázisrendszerek, információkeresés és digitális könyvtárak, adatfúzió 
650 4 |a Szemantikus webtechnológiák 
856 4 0 |u https://eta.bibl.u-szeged.hu/329/1/hollo_uzleti_web.pdf  |z Dokumentum-elérés